Famous Charlies Quiz Stats

 Plays Quiz Updated Nov 23, 2018

     
Support Sporcle.
Go Orange.
Score 0/22 Timer 05:00
0 Plays Today
Hint Name % Correct
Main protagonist in the comic strip 'Peanuts'Charlie Brown
88.3%
Author of 'A Christmas Carol' and 'A Tale of Two Cities'Charles Dickens
84.4%
Actor who played Charlie on 'Spin City' and Charlie on 'Two and a Half Men'Charlie Sheen
83.1%
Convicted murderer who associated himself with the Beatles song 'Helter Skelter'Charles Manson
82.8%
Silent film star whose most famous character is The TrampCharlie Chaplin
81.5%
Roald Dahl's golden ticket winnerCharlie Bucket
69.1%
Author of 'On the Origin of Species'Charles Darwin
67.8%
The eldest child of Queen Elizabeth IIPrince Charles
64.4%
Sabrina Duncan, Jill Munroe & Kelly GarrettCharlie's Angels
63.1%
Retired NBA All-Star and Emmy winning color commentatorCharles Barkley
59.8%
Scott Baio's greatest work since 'Joanie Loves Chachi'Charles in Charge
55.1%
Hint Name % Correct
Noted American aviator who flew non-stop over the Atlantic OceanCharles Lindbergh
53.8%
Wrote 'The Devil Went Down to Georgia'Charlie Daniels
53%
Founding member of the X-MenProfessor Charles Xavier
46.5%
Creator of the comic strip 'Peanuts'Charles M. Schulz
46.2%
18th President of the French RepublicCharles de Gaulle
44.9%
Late U.S. Congressman from Texas and subject of a 2007 Tom Hanks biopicCharles Wilson
44.7%
Iconic American jazz saxophonist and composerCharlie Parker
25.9%
Former 'Good Morning America' host and anchor of ABC World NewsCharles Gibson
25.7%
Fictional city from 'General Hospital' Port Charles
25.1%
Fictional character of Orson Welles's directorial debutCharles Foster Kane
24.1%
Screenwriter of 'Being John Malkovich', 'Adaptation.', and 'Eternal Sunshine of the Spotless Mind'Charlie Kaufman
13.4%

From the Vault

Peek-a-Bhutan

by zigga

Geography 10m
Have you ever wondered how countries play hide and seek?
Remove Ads.
Support Sporcle.
Get the best of Sporcle when you Go Orange. This ad-free experience offers more features, more stats, and more fun while also helping to support Sporcle. Thank you for becoming a member.

Show Comments

Extras

Top Quizzes Today


Score Distribution

Your Account Isn't Verified!

In order to create a playlist on Sporcle, you need to verify the email address you used during registration. Go to your Sporcle Settings to finish the process.

Report this User

Report this user for behavior that violates our Community Guidelines.

Details: